Leopold Moravčík o bastardoch v politike

Recenzia na knihu autora Leopolda Moravčíka - Bastardi v politike. Príbehy kontroverzných osobností v politike, ktoré zneužili moc.

Guardado en:
Detalles Bibliográficos
Autor principal: Škvrnda, František
Formato: Capítulo de libro
Lenguaje:eslovaco
Materias:
Etiquetas: Agregar Etiqueta
Sin Etiquetas, Sea el primero en etiquetar este registro!

MARC

LEADER 00000nla a2200000 4500
001 0175331
005 20240502073005.9
041 0 |a slo 
044 |a SK 
245 1 0 |a Leopold Moravčík o bastardoch v politike  |c František Škvrnda 
520 |a Recenzia na knihu autora Leopolda Moravčíka - Bastardi v politike. Príbehy kontroverzných osobností v politike, ktoré zneužili moc. 
610 2 0 |a politika 
610 2 0 |a moc politická 
610 2 0 |a recenzie 
100 1 |a Škvrnda, František